College Football Teams That Have Converted From FCS To FBS - Statistics

General Stats
  • This quiz has been taken 247 times
  • The average score is 9 of 20
Answer Stats
Former FCS Conference Current FBS Conference Team % Correct
Southern Sun Belt Appalachian State
65%
Southern Sun Belt Georgia Southern
61%
Ohio Valley Mid American Conference Akron
55%
Big Sky Mountain West Boise State
55%
Ohio Valley Conference USA Marshall
54%
- Conference USA Old Dominion
51%
Southland Sun Belt Troy
48%
FCS Independent Conference USA Western Kentucky
48%
Big Sky Sun Belt Idaho
46%
Southland Sun Belt Texas State
46%
Colonial Athletic Mid American/Independent Massachusetts
43%
- Conference USA Middle Tennessee
43%
Southland Sun Belt Arkansas State
40%
Big Sky Mountain West Nevada
39%
Southland Conference USA North Texas
38%
- Conference USA Florida Atlantic
36%
Big West Conference USA Louisiana Tech
33%
Atlantic 10 American Athletic Connecticut
32%
FCS Independent American Athletic UCF
29%
Southland Sun Belt UL Monroe
8%
No matching quizzes found
Score Distribution
Percent of People with Each Score
Percentile by Number Answered
Your Score History
You have not taken this quiz